000 00413 a2200157 4500
005 20250414064711.0
020 _a0-256-02978-4
082 _a657 PYL
100 _aPYLE, W. W.
245 _aFundamental Accounting Principles
250 _a4th Ed.
260 _bRichard D. Irwin,Inc,
_c1984.
300 _axvii,1075p.: Ill.;figures& table
_bIndex
_c23cm.
700 _aLARSON, K. D.& ZIN, M.
942 _2ddc
_cBKS
999 _c1349
_d1349